| 000 | 00458nam a2200121Ia 4500 | ||
|---|---|---|---|
| 008 | 220621s9999||||xx |||||||||||||| ||und|| | ||
| 100 | _aGhada Mostafa Azzam||Emad Shalaby | ||
| 245 | 0 | _aAntioxidants in Foods and Its Applications | |
| 546 | _aEnglish[eng] | ||
| 650 | _aLife Sciences||Agricultural and Biological Sciences||Bromatology||Food and Nutrition | ||
| 856 | _uhttps://www.intechopen.com/books/antioxidants-in-foods-and-its-applications | ||
| 942 | _cEB | ||
| 999 |
_c35739 _d35739 |
||